000 01752nam a2200325 a 4500
001 BRCA_3054
005 20190320204104.0
008 230109s1782----be-a---###---#000-0#fre-u
041 _afre
044 _afr
084 _a360
_b.B3776
_c1782
100 1 _aCervantes Saavedra, Miguel de
_d1547-1616
_9213
245 1 0 _aHistorie de l´Admirable Don Quichotte de la Manche
_cMiguel de Cervantes Saavedra ; Traduit par Filleau de Saint-Martin.
260 _aLieja (Bélgica)
_bJean-Francoise Bassompierre
_c1782
300 _a6 v.
_bil.
_c16 cm.
500 _aContenido : v 1. Primera parte. Advertencia del traductor. Dedicatoria a D. Quijote. Composición dirigida al lector. Texto. -- v 2. Texto. -- v 3. Segunda parte. Texto. -- v 4. Texto. -- v 5. Primera parte de la continuación escrita por el traductor. Texto. -- v 6. Segunda parte de la continuación escrita por el traductor. Texto
500 _aEdición : Nouvelle edition revueé corrigée et augmentée
500 _aReimpresión de las ediciones del mismo editor, publicadas en 1768 y 1773. Las láminas arregladas por Julien y grabadas por Jourdan, son malas. Edición económica, en rústica, impresa con pulcritud Lúdovik Osterc
500 _aEstado físico : Es necesaria una recuperación física
500 _aQM282
546 _aTexto en : francés
650 1 4 _aNovela española
_yÉpoca clásica, 1500-1700
_9215
650 1 4 _aLiteratura èspañola
_yÉpoca clásica, 1500-1700
_9216
650 1 4 _aNovela española
_ySiglo XVII
_9217
650 1 4 _aDon Quijote (Personaje ficticio)
_eNovela
_9218
700 1 _aSaint-Martin, Francois Filleau de
_d1632-1695
_eTraductor
_98374
740 0 _aEl Ingenioso Hidalgo Don Quijote de la Mancha
902 _aQFM
942 _2lcc
_cB
999 _c2790
_d2790